Politics in India 1947-1987 (Record no. 925)

MARC details
000 -LEADER
fixed length control field 00492cam a2200193ua 4500
001 - CONTROL NUMBER
control field 1006
005 - DATE AND TIME OF LATEST TRANSACTION
control field 20260515113247.0
008 - FIXED-LENGTH DATA ELEMENTS--GENERAL INFORMATION
fixed length control field 110426n ii |||gr||||Z||||||eng
040 ## - CATALOGING SOURCE
Transcribing agency MAIN
082 ## - DEWEY DECIMAL CLASSIFICATION NUMBER
Classification number 320.954
245 1# - TITLE STATEMENT
Title Politics in India 1947-1987
Statement of responsibility, etc. by C.P.Bhambhri
250 ## - EDITION STATEMENT
Edition statement 1st.
260 ## - PUBLICATION, DISTRIBUTION, ETC.
Place of publication, distribution, etc. New delhi:
Name of publisher, distributor, etc. Vikash publishing pvt. ltd.,988.
300 ## - PHYSICAL DESCRIPTION
Extent 238p.:0cm.
653 ## - INDEX TERM--UNCONTROLLED
Uncontrolled term Political science
653 ## - INDEX TERM--UNCONTROLLED
Uncontrolled term Politics in India
700 ## - ADDED ENTRY--PERSONAL NAME
Personal name Bhambhri, C.P.,
Relator term Aurthor.
942 ## - ADDED ENTRY ELEMENTS (KOHA)
Koha item type Books
Holdings
Withdrawn status Lost status Damaged status Not for loan Home library Current library Shelving location Date acquired Total checkouts Full call number Barcode Date last seen Copy number Price effective from Koha item type
        Naharkatiya College Library Naharkatiya College Library General stacks 09/19/2020   320.954 | BHA 538 09/19/2020 1 09/19/2020 Books